El sexo en la Biblia /

Ensayo que explora la representación de la sexualidad en los textos bíblicos, especialmente en el Antiguo Testamento, aunque también incluye referencias al Nuevo Testamento. El autor analiza pasajes que abordan el coito, el amor, el adulterio, la prostitución, la homosexualidad y otras expresiones s...

Descrición completa

Gardado en:
Detalles Bibliográficos
Autor Principal: Schwartz Rodacky, Marco (autor)
Formato: Libro
Idioma:Lingua castelá
Publicado: Barcelona, España : Belacqva, 2008, c2008
Series:(Documentos Belacqva ; 19)
Temas:
Etiquetas: Engadir etiqueta
Sen Etiquetas, Sexa o primeiro en etiquetar este rexistro!

MARC

LEADER 00000nam^a2200000^a^4500
001 000617927
005 20250710000000.0
009 20260310133751.08
020 |a 978-84-96694-86-6 
037 |a Acervo ITESO - Biblioteca 
041 |a ESP 
082 |a 220. 83053  |b SCH 
100 |a Schwartz Rodacky, Marco  |e (autor) 
245 1 3 |a El sexo en la Biblia /  |c M. Schwartz Rodacky. 
264 4 |a Barcelona, España :  |b Belacqva,  |c 2008, c2008 
300 |a 225 p. 
336 |a texto  |b txt  |2 rdacontenido 
337 |a sin mediación  |b n  |2 rdamedio 
338 |a volumen  |b nc  |2 rdasoporte 
440 1 |a (Documentos Belacqva ;  |v 19) 
520 |a Ensayo que explora la representación de la sexualidad en los textos bíblicos, especialmente en el Antiguo Testamento, aunque también incluye referencias al Nuevo Testamento. El autor analiza pasajes que abordan el coito, el amor, el adulterio, la prostitución, la homosexualidad y otras expresiones sexuales, desmitificando la idea de una Biblia puritana, al tiempo que revela cómo la sexualidad está profundamente entrelazada con la espiritualidad, la moral y el poder en las Escrituras. 
649 |a XX 
650 |a Matrimonio 
650 |a Adulterio 
650 |a Poligamia 
650 |a Prostitución 
650 |a Homosexualidad 
650 |a Incesto 
650 |a Coito 
650 |a Erotismo 
650 |a Amor 
650 |a Sexualidad -  |x Tema Principal 
650 |a Biblia -  |x Antiguo Testamento -  |x Historia y Crítica -  |x Tema Principal 
650 |a Biblia -  |x Nuevo Testamento -  |x Historia y Crítica -  |x Tema Principal 
650 |a Catolicismo 
650 |a Cristianismo 
650 |a Religión 
910 |a Fondo Castillo-Martínez 
920 |a Impresos - Libros 
930 |a Fondos Especiales 
905 |a 127 
901 |a 617927-10  |b IT2  |c ESP  |i D128723  |u 20250710 
902 |a https://opac.biblio.iteso.mx/vufind/Record/000617927